Statistics for Most Guessed African Cities Quiz

Click here to take the quiz!

General Stats

  • This quiz has been taken 60 times
  • The average score is 9 of 10

Answer Stats

%City% Correct
99Cairo
100%
93Cape Town
98%
97Johannesburg
97%
89Lagos
97%
87Nairobi
90%
81Algiers
86%
73Casablanca
80%
76Alexandria
76%
81Kinshasa
71%
78Addis Ababa
68%

Score Distribution

Percentile by Number Answered

Percent of People with Each Score

Your Score History

You have not taken this quiz